• 首页
  • 本馆介绍
  • 公告通知
  • 最新文献
  • 馆藏检索
  • 电子资源
  • 读者导购
  • 参考咨询
  • 我的图书馆
  • 登录
  • 详细信息显示
  • 放入我的书架
  • 预约/预借图书
  • 作者相关作品
  • 分类相关作品
  • 丛书相关作品
  • 出版社相关作品

书目信息

  • 表格格式
  • 工作单格式
  • 卡片格式
题名:
加强党的执政能力建设大参考
    
 
作者:
分册:  
出版信息: 北京   红旗出版社  2004
页数: 209
开本: 20cm
丛书名:
单 册:
中图分类: B0
科图分类:
主题词: 哲学理论
电子资源:
ISBN: 7-5051-1027-6
000 00471nam0 2200169 450
001 0735257515
005 20070904094737.51
010    @a7-5051-1027-6
100    @a20070904d km y0chiy0120 ea
101 0  @achi
200 1  @a加强党的执政能力建设大参考@Ajia qiang dang de zhi zheng neng li jian she da can kao
210    @a北京@c红旗出版社@d2004
215    @a209@c22.80@d20cm
606 0  @a哲学理论
690    @aB0@v3
801  0 @aCN@bPFT@c20070904
905    @a213230@dB0@ea111@f1
    
    加强党的执政能力建设大参考.-北京:红旗出版社,2004
    209:22.80;20cm
    
    
    ISBN 7-5051-1027-6:
    
●
相关链接 在E读中查询图书 在五车中查询图书 在当当中查询图书 在豆瓣中查询图书


正题名:加强党的执政能力建设大参考     索取号:B0/a111         预约/预借

序号 登录号 条形码 馆藏地/架位号 状态 备注
1 7500346   275003461   史法系资料室/ [索取号:B0/a111] 在馆    
唐山师范学院图书馆 欢迎您!
大连网信软件有限公司© 版权所有